000 00447nam a2200157 i 4500
001 25135
003 ES-MaACL
005 20230906153211.0
007 t|
008 021220s1975 sp ||||1| spa d
100 1 _aArcay, Luis Augusto.
_922440
245 1 0 _aMadrid y su duende /
_cLuis Augusto Arcay.
260 _aMadrid :
_b[s.n.,
_c1975] (
_fSucs. de Rivadeneyra)
300 _a147 p., 8 lám. ;
_c24 cm.
852 _aES-MaACL
_jA-5896
_bR.94714
999 _c25135
_d25135